MARC

LEADER 00000nam0a2200000 4500
001 149794
005 20231031150020.0
020 |a RU  |b 87-64950 
035 |a (RuTPU)RU\TPU\book\162399 
090 |a 149794 
100 |a 20081222d1987 m y0rusy5003 ca 
101 0 |a rus 
102 |a RU 
105 |a a z 000ay 
200 1 |a Горький запах полыни  |e роман  |f О. М. Соболев 
210 |a Симферополь  |c Таврия  |d 1987 
215 |a 444,[1] с.  |d 21 см 
610 1 |a Великая Отечественная война 1941-1945 гг. 
610 1 |a Крым 
610 1 |a советская литература 
610 1 |a романы 
675 |a Р2  |z rus 
700 1 |a Соболев  |b О. М.  |g Олег Михайлович  |4 070 
801 0 |a RU  |b RuMRKP  |c 19950417  |g psbo 
801 1 |a RU  |b 63413507  |c 20081222  |g PSBO 
801 2 |a RU  |b 63413507  |c 20140226  |g PSBO 
942 |c BK